000 01229cam a2200361 i 4500
001 17543250
003 OSt
005 20230602112810.0
008 121129s2012 ke af 001 0beng
010 _a 2012312429
020 _a9966769838
040 _aDLC
_beng
_cDLC
_erda
042 _alcode
_apcc
043 _af-ke---
082 _a920
_bOTI
100 1 _aMuluka, Barrack.
245 1 0 _aBeyond the shadows of my dream :
_bMartin Oduor-Otieno : a biography /
_cBarrack Muluka, Rosemary Okello & Dan Orlale.
264 1 _aNairobi :
_bMvuleAfrica Publishers,
_c2012.
300 _a212 pages, 32 leaves of plates :
_bcolor illustrations ;
_c25 cm
336 _atext
_2rdacontent
337 _aunmediated
_2rdamedia
338 _avolume
_2rdacarrier
500 _aIncludes index.
600 1 0 _aOduor-Otieno, Martin,
_d1956-
650 0 _aBankers
_zKenya
_vBiography.
650 0 _aChief executive officers
_zKenya
_vBiography.
650 0 _aBanks and banking
_zKenya
_vBiography.
700 1 _aOrlale, Rosemary Okello.
700 1 _aOrlale, Dan.
906 _a7
_bcbc
_corigode
_d2
_encip
_f20
_gy-gencatlg
942 _2ddc
_cBK
999 _c99
_d99